Herby gmin w powiecie kępińskim - Statystyki

Ogólne statystyki
  • Ten quiz został rozwiązany 20 razy
  • Średni wynik to 5 z 6
Statystyki odpowiedzi
Obrazkowy Odpowiedź % Poprawnych
Gmina Kępno
100%
Gmina Bralin
86%
Gmina Łęka Opatowska
79%
Gmina Rychtal
79%
Gmina Trzcinica
64%
Gmina Perzów
57%
Nie znaleziono quizów pasujących do podanych kryteriów
Rozkład punktacji
Procent ludzi z każdym wynikiem
Percentyl według liczby udzielonych odpowiedzi
Twoja historia wyników
Nie rozwiązałeś tego quizu